|
|
|
|
| LEADER |
00000nab a2200000 a 4500 |
| 001 |
vtls000913503 |
| 003 |
SK-MaSNL |
| 005 |
20260305013848.0 |
| 008 |
040720e19910327xo 0 slo |
| 035 |
|
|
|a KE22403
|
| 040 |
|
|
|a KEVKJB
|b slo
|c KEVKJB
|e AACR2
|
| 041 |
0 |
|
|a slo
|
| 044 |
|
|
|a xo
|c SK
|
| 080 |
|
|
|a 027.53:885.0-3:929
|2 1981
|
| 080 |
|
|
|a 07
|2 1981
|
| 100 |
0 |
|
|a (pap)
|4 aut
|9 923157
|
| 245 |
1 |
0 |
|a Práca s knihou
|
| 610 |
2 |
7 |
|a Krajská knižnica (Košice, Slovensko)
|2 KEVKJB
|9 29615
|
| 610 |
2 |
7 |
|a Verejná knižnica Jána Bocatia v Košiciach
|2 KEVKJB
|9 29554
|
| 650 |
0 |
7 |
|a knihovníctvo
|2 KEVKJB
|9 1557
|
| 650 |
0 |
7 |
|a Hlas knižníc jednotnej sústavy knižníc okresu Košice-vidiek
|2 KEVKJB
|9 1591580
|
| 650 |
0 |
7 |
|a knihovnícke časopisy
|2 KEVKJB
|9 23070
|
| 651 |
|
7 |
|a KE,
|2 KEVKJB
|9 877256
|
| 655 |
|
7 |
|a periodikum
|2 snkbucl
|9 29553
|
| 710 |
2 |
|
|a Krajská knižnica (Košice, Slovensko)
|4 aut
|9 29615
|
| 773 |
0 |
8 |
|t Vidiek
|g Roč. 1
|g Roč. 28, č.6, 27.3.1991, s. 3
|
| 852 |
|
|
|a ZVYKNI
|b KIS3GCP
|
| 999 |
|
|
|c 3266331
|d 3268261
|